000 00200nam a2200109Ia 4500
100 _a#N/A
942 _cBK
654 _adatasheets
245 _aDatasheets
260 _b#N/A
_c2005
546 _aENGLISH
999 _c28347
_d28347